| 000 | 00966nas a2200289 4500 | ||
|---|---|---|---|
| 001 | BR8902498 | ||
| 003 | BR-BrBNA | ||
| 005 | 20231205091542.0 | ||
| 007 | ta | ||
| 008 | 230509b bl.|||p| |||| 00| 00por d | ||
| 040 |
_aBR-BrBNA _bpor _cBiblioteca Nacional de Agricultura |
||
| 041 | _a(Pt) | ||
| 072 | _aF70 | ||
| 100 | 1 | _aCervi, A.C. | |
| 100 | 1 | _aGuimaraes, O.A. | |
| 100 | 1 | _aNegrelle, R.R.B. | |
| 100 | 1 | _aSbalchiero, D. | |
| 100 | 1 | _aConceicao, M.C.A. | |
| 245 | 1 | _aCatalogo das plantas ruderais da cidade de Curitiba - Parana; estudos preliminares, 2 | |
| 246 | 1 | _aA catalogue of ruderal plants in the city of Curitiba, Parana state, Brazil; Preliminary studies, 2 | |
| 650 | _aPLANTA ORNAMENTAL | ||
| 650 | _aPESQUISA FLORESTAL | ||
| 650 | _aPARANÁ | ||
| 773 | 0 |
_tRevista do Setor de Ciencias Agrarias (Brazil) _xISSN 0100-607X _g(1987), v. 9(1-2) p. 157-163 _wBR8902498 |
|
| 909 |
_a202311 _bLúcia _c55 _dLúcia Elande |
||
| 942 |
_2AGRIS _n0 _cANA |
||
| 999 |
_c125817 _d125817 |
||